000
00285nam a22001217a 4500
082
_a
011
_b
SIE/G
100
_a
GOVT, OF INDIA
245
_a
SIET KERALA, GENERAL SUBJECTS
_b
SIET CORPORATE FILM
260
_a
NEW DELHI
_b
GOVT. OF INDIA
300
_b
VCD
520
_a
REFERENCE
942
_c
BK
999
_c
7955
_d
7955